000 00371nam a2200145Ia 4500
008 231129s1992||||xx |||||||||||||| ||spa||
020 _a958-9043-85-0
040 _bspa
082 _a928.6 A674c
100 _aCobo Borda Juan Gustavo
245 0 _aGerman Arciniegas
260 _c1992
264 _aProcultura
942 _2ddc
_cBKS
999 _c14473
_d14473